Przystanki linii autobusowej 103 Warszawa - Statystyki

Ogólne statystyki
  • Ten quiz został rozwiązany 16 razy
  • Średni wynik to 24 z 33
Statystyki odpowiedzi
Ulica Na żądanie? Jednokierunkowy? Odpowiedź % Poprawnych
Kasprowicza, Al. Wittek Nie Nie Metro Młociny
100%
Przy Agorze, Marymoncka Nie Nie Przy Agorze
100%
Al. Zjednoczenia Nie Nie AWF
92%
Tunelowa Nie Nie Dw. Zachodni (Tunelowa)
92%
Kochanowskiego Nie Tak Galla Anonima
92%
Gen. Maczka, Powązkowska Tak Nie Gen. Maczka
92%
Kochanowskiego, Rudnickiego Nie Nie Kochanowskiego
92%
Marymoncka Tak Nie UKSW
92%
Brylowska Nie Nie Brylowska
85%
Płocka Nie Nie Metro Płocka
85%
Al. Zjednoczenia Nie Nie Metro Stare Bielany
85%
Ostroroga Tak Nie Ostroroga
85%
Kasprowicza, Przy Agorze Nie Nie Sokratesa
85%
Tatarska Tak Nie Tatarska
85%
Marymoncka Tak Nie Las Bielanski
77%
Powązkowska Nie Nie PKP Powązki
77%
Płocka Nie Nie Płocka-Szpital
77%
Marymoncka Nie Nie Szpital Bielański
77%
Tunelowa Nie Nie Kolejowa
69%
(Galla) Anonima Nie Nie Piaski
69%
Przy Agorze Nie Nie Wrzeciono
69%
Al. Zjednoczenia, Jarzębskiego Nie Nie Bielany-Ratusz
62%
Płocka Nie Nie Pl. Pole Elekcyjne
62%
Ostroroga Tak Nie Powązki-VI Brama
62%
Marymoncka Tak Nie Twardowska
62%
Powązkowska Nie Nie Elbląska
54%
Płocka Nie Nie Grenady
54%
Rudnickiego, Gen. Maczka Nie Nie Obrońców Tobruku
46%
Powązkowska Nie Tak Pl. Niemena
46%
Powązkowska Nie Nie Powązki-Cm. Wojskowy
46%
Krzyżanowskiego Nie Nie Szpital Wolski
46%
Tatarska Tak Nie Kozielska
38%
Ostroroga Tak Nie Sołtyka
31%
Nie znaleziono quizów pasujących do podanych kryteriów
Rozkład punktacji
Procent ludzi z każdym wynikiem
Percentyl według liczby udzielonych odpowiedzi
Twoja historia wyników
Nie rozwiązałeś tego quizu